000 02613cam a2200409 4500500
005 20260329004742.0
041 _afre
042 _adc
100 1 0 _aSaint Girons, Baldine
_eauthor
245 0 0 _aLes universaux d'imagination : une invention de Vico
260 _c2010.
500 _a89
520 _aRésuméPrétendant établir les « principes » (universels et nécessaires, par définition) d’une « science nouvelle concernant la nature commune des nations », Vico postule l’existence d’un « fond commun de vérité » propre aux « idées uniformes, nées chez des peuples inconnus les uns des autres ». L’universel s’appréhende à partir du commun, mais sous la condition expresse qu’on ne se contente pas de l’observation empirique, conçue comme ultime instance de légitimation, mais qu’on privilégie le travail inventif de l’imagination et le travail critique de la raison, prise comme pouvoir de validation. L’imagination monte à l’universel et elle produit des « universaux d’imagination », dont il importe de comprendre le statut et la fonction.
520 _aIn the will to establish the principles (which are universal and necessary, by definition) of « a new science concerning the common nature of nations », Vico postulates the existence of « a common ground of truth », which feeds « uniform ideas originating among entire peoples unknown to each other ». Universal is thought from the common, but under the express condition that one should not satisfy himself with empirical observation, conceived as an ultimate instance of legitimation, but should privilege the inventive work of imagination and the critical work of reason, understood as a power of validation. Imagination raises itself to universal and brings forth « imaginative universals », whose statute and function remain to be understood.
690 _aanthropologie comparée
690 _acommun
690 _acritique
690 _aesthétique
690 _aloi
690 _amultivers
690 _aprincipe
690 _atopique
690 _auniversaux d'imagination
690 _auniversel
690 _aaesthetics
690 _acommon
690 _acomparative anthropology
690 _acritic
690 _aimaginative universals
690 _alaw
690 _amultiverse
690 _aprinciple
690 _atopic
690 _auniversal
786 0 _nInsistance | 4 | 1 | 2010-11-29 | p. 35-46 | 1778-7807
856 4 1 _uhttps://shs.cairn.info/revue-insistance-2010-1-page-35?lang=fr&redirect-ssocas=7080
999 _c1836970
_d1836970